Detalles MARC
| 000 -LÍDER |
| Campo fijo de descripción fija |
02243nam a2200337 i 4500 |
| 001 - NÚMERO DE CONTROL |
| Campo de control |
768714001 |
| 003 - IDENTIFICADOR DEL NÚMERO DE CONTROL |
| Campo de control |
CO-MdFUSB |
| 005 - FECHA Y HORA DE LA ULTIMA TRANSACCIÓN |
| control field |
20200114162412.0 |
| 008 - ELEMENTOS DE LONGITUD FIJA -- INFORMACIÓN GENERAL |
| Campo fijo de descripción fija -- Información general |
190930t2003 ag ad||| |||| 00| 0 spa d |
| 020 ## - NÚMERO INTERNACIONAL NORMALIZADO PARA LIBROS |
| Número Internacional Normalizado del libro |
950027454X |
| 040 ## - FUENTE DE CATALOGACIÓN |
| Agencia de catalogación original |
CO-MdFUSB |
| Idioma de catalogación |
spa |
| Agencia que realiza la transcripción |
CO-MdFUSB |
| Agencia que realiza la modificación |
CO-MdFUSBC |
| Convenciones de la descripción |
rda |
| 041 ## - CÓDIGO DE IDIOMA |
| Código de idioma para texto/pista de sonido o título separado |
spa |
| 082 ## - NÚMERO DE CLASIFICACIÓN DECIMAL DEWEY |
| Número de la edición del Dewey |
23 |
| Número de clasificación |
297.63 |
| Clave de autor-Numero de item |
C262m |
| 100 ## - ASIENTO PRINCIPAL--NOMBRE PERSONAL |
| Nombre personal |
Caratini, Roger. |
| Término relacionador |
autor |
| 240 ## - TITULO UNIFORME |
| Título uniforme |
<a href="Mohamet. Vie du Prophéte.">Mohamet. Vie du Prophéte.</a> |
| 245 1# - TÍTULO |
| Título del Material |
Mohama : |
| Parte restante del título - Subtitulo |
la vida de un profeta. |
| Mención de responsabilidad, etc. |
/ Roger Caratini ; traducido por Cristina Piña. |
| 250 ## - MENCIÓN DE EDICIÓN |
| Mención de edición |
Primera edición |
| 264 #1 - PRODUCCIÓN, PUBLICACIÓN, DISTRIBUCIÓN, MANUFACTURA, Y COPYRIGHT |
| Lugar de producción, publicación, distribución, manufactura |
Buenos Aires, Argentina : |
| Nombre del productor, publicador, distribuidor |
El Ateneo, |
| Fecha de producción, publicación, distribución, manufactura, o copyright |
[2003] |
| 264 #4 - PRODUCCIÓN, PUBLICACIÓN, DISTRIBUCIÓN, MANUFACTURA, Y COPYRIGHT |
| Fecha de producción, publicación, distribución, manufactura, o copyright |
© 2003 |
| 300 ## - DESCRIPCIÓN FÍSICA |
| Extensión |
560 páginas |
| Dimensiones |
; 23 cm |
| 336 ## - TIPO DE CONTENIDO |
| Fuente |
rdacontent |
| Término de tipo de contenido |
texto |
| Código de tipo de contenido |
txt |
| 337 ## - TIPO DE MEDIO |
| Fuente |
rdamedia |
| Nombre del tipo de medio |
sin mediación |
| Código del tipo de medio |
n |
| 338 ## - TIPO DE SOPORTE |
| Fuente |
rdacarrier |
| Nombre del tipo de soporte |
volumen |
| Código Tipo de soporte |
nc |
| 504 ## - NOTA DE BIBLIOGRAFÍA, ETC. |
| Nota de bibliografía, etc |
Incluye referencias bibliográficas (páginas 555-559) |
| 505 ## - NOTA DE CONTENIDO |
| Nota de contenido con formato preestablecido |
El período de la Meca: Antes del Islam. En el tiempo d ela Yahiliyya. -- La Meca y sus habitantes antes del Islam. -- Genealogía del Profeta. -- Infancia y Juventud del Profeta. (570?-610). -- Las creencias religiosas en Arabia antes del Islam. -- La Noche del Destino (Ramadán de 610). -- El nabí (610-613). -- El nabí se convierte en rasul (613-614). -- El anuncio a los habitantes de la Meca y la primera hériga. -- El boicota los hachemitas por parte de los habitantes de La Meca.(616-619) -- El fin del sueño de La Meca.(619-620). -- El viaje nocturno y la ascension del Profeta.(621). La Hériga (agosto- septiembre del 622). -- El perÍodo de Medina (septiembre de 622 -diciembre de 623). -- Las esposas del Profeta. -- El avance (los dos primeros años de la Hériga: 24 de septiembre de 622 -23 de junio de 624). -- El tiempo de las alertas (años 3 y 4 de la Hériga: 24 de junio de 624 - 2 de junio de 626). -- El gran designio (años 5 y 6 de la Hériga: 2 de junio de 626-11 de abril de 628). -- La victoria (séptimo y octavo años d ela Hériga: 11 de mayo de 628-19 de abril de 230). -- La terminación de la obra (fin del año 8 - año 11 de la Hériga: abril de 630-mayo de 632). |
| 563 ## - NOTA DE ENCUADERNACIÓN |
| Nota de encuadernación |
Rústico |
| 650 #7 - ASIENTO SECUNDARIO DE MATERIA - TERMINO TEMÁTICO |
| 9 (RLIN) |
409 |
| Término temático o nombre geográfico como elemento de entrada |
Biografía |
| 700 ## - ASIENTO SECUNDARIO - NOMBRE PERSONAL |
| 9 (RLIN) |
2590 |
| Nombre personal |
Piña, Cristina. |
| Responsabilidad |
traductor |
| 942 ## - TIPO DE MATERIAL (KOHA) |
| Tipo de Item KOHA |
Libros General |
| 945 ## - INFORMACIÓN LOCAL DEL REGISTRO |
| Catalogador |
JTF-925 |